[Event "Paul Keres Memorial"]
[Site "East Detroit, Mich."]
[Date "1980.01.19"]
[Round "3"]
[White "Vandivier, Don"]
[Black "Moody, David"]
[Result "1-0"]
[WhiteElo "1913"]
[BlackElo "1737"]
[PlyCount "57"]
[EventDate "1980.01.19"]

1. e4 e5 2. Nf3 f5 3. Bc4 b5 4. Bd5 c6 5. Bxg8 Rxg8 6. exf5 d6 7. g4 g6 8. fxg6
Rxg6 9. h3 e4 10. Qe2 Bg7 11. d3 d5 12. Nc3 b4 13. Nd1 Qe7 14. dxe4 dxe4 15.
Nh2 Ba6 16. Qe3 Bh6 17. Qg3 Qc5 18. Bxh6 Rxh6 19. Ne3 Rd6 20. Rd1 Qb5 21. Rd2
Rxd2 22. Kxd2 Qe2+ 23. Kc1 Nd7 24. Nf5 Rb8 25. Qd6 Kd8 26. Rd1 Rb7 27. Qe7+ Kc8
28. Nd6+ Kc7 29. Nxb7 1-0

[Event "Paul Keres Memorial"]
[Site "East Detroit, Mich."]
[Date "1980.01.19"]
[Round "2"]
[White "Moody, David"]
[Black "Becker, Albert"]
[Result "1-0"]
[WhiteElo "1737"]
[BlackElo "1466"]
[PlyCount "35"]
[EventDate "1980.01.19"]

1. Nc3 g6 2. e4 Bg7 3. d4 e6 4. Nf3 Ne7 5. Bg5 O-O 6. Qd2 f5 7. e5 d6 8. h4 Qd7
9. h5 Nbc6 10. Qf4 dxe5 11. Qh4 exd4 12. hxg6 hxg6 13. Qh7+ Kf7 14. Bh6 Rg8 15.
O-O-O e5 16. Bc4+ Kf8 17. Ng5 Bxh6 18. Qf7# 1-0

[Event "Paul Keres Memorial"]
[Site "East Detroit, Mich."]
[Date "1980.01.19"]
[Round "1"]
[White "Kelley, Gregory"]
[Black "Moody, David"]
[Result "0-1"]
[WhiteElo "1196"]
[BlackElo "1737"]
[PlyCount "60"]
[EventDate "1980.01.19"]

1. Nf3 Nf6 2. Nc3 d5 3. d4 e6 4. Bf4 Bb4 5. e3 Ne4 6. Qd3 c5 7. a3 c4 8. Qd1
Nxc3 9. bxc3 Bxc3+ 10. Nd2 Bxa1 11. Qxa1 Nc6 12. e4 Qa5 13. c3 b5 14. Bd6 dxe4
15. Nxe4 Bb7 16. Be2 Nxd4 17. Bb4 Qxb4 18. Qc1 Qxa3 19. Nd6+ Qxd6 20. cxd4 Qxd4
21. O-O Rd8 22. Rd1 Qf6 23. Rxd8+ Qxd8 24. Qb2 Qg5 25. g3 Qd5 26. f3 O-O 27.
Qa3 Rd8 28. Qxa7 Qd4+ 29. Qxd4 Rxd4 30. Kf1 c3 0-1

[Event "Paul Keres Memorial"]
[Site "East Detroit, Mich."]
[Date "1980.01.20"]
[Round "4"]
[White "Moody, David"]
[Black "Finegold, Ben"]
[Result "1-0"]
[WhiteElo "1737"]
[BlackElo "1544"]
[PlyCount "80"]
[EventDate "1980.01.19"]

1. Nc3 g6 2. e4 Bg7 3. d4 d6 4. Nf3 Nf6 5. Bg5 O-O 6. Qd2 Nbd7 7. O-O-O c5 8.
e5 Ne8 9. Nd5 f6 10. Bc4 Kh8 11. Bh6 cxd4 12. Bxg7+ Kxg7 13. Nxd4 Nxe5 14. Nf4
Nxc4 15. Nfe6+ Bxe6 16. Nxe6+ Kh8 17. Qh6 Rg8 18. Nxd8 Rxd8 19. h4 Ng7 20. g4
Ne5 21. Qf4 Ne6 22. Qe4 Nc5 23. Qe2 Ne6 24. Rdf1 Rc8 25. f4 Nd4 26. Qd2 Nef3
27. Rxf3 Nxf3 28. Qe3 Ne5 29. fxe5 fxe5 30. Rf1 Rg7 31. Qxa7 e6 32. Qb6 Rgc7
33. c3 Rd7 34. Rf6 Re8 35. Qf2 Kg7 36. g5 d5 37. Qb6 Rde7 38. Qd6 e4 39. Qe5
Rg8 40. Kd2 Rf7 1-0

[Event "1st UMD Tornado"]
[Site "Dearborn, Mich."]
[Date "1980.01.26"]
[Round "1"]
[White "Rondeau, Paul"]
[Black "Moody, David"]
[Result "0-1"]
[WhiteElo "1121"]
[BlackElo "1737"]
[PlyCount "78"]
[EventDate "1980.01.26"]

1. e4 e5 2. f4 Qh4+ 3. g3 Qe7 4. d3 exf4 5. Bxf4 d5 6. Bg2 Nf6 7. Nd2 Bg4 8.
Ngf3 dxe4 9. dxe4 Nxe4 10. Qe2 Nxd2 11. Qxe7+ Bxe7 12. Nxd2 c6 13. Nf3 Nd7 14.
O-O-O O-O-O 15. Rhe1 Rhe8 16. h3 Bh5 17. g4 Bg6 18. Nd4 Bh4 19. Rxe8 Rxe8 20.
Bxc6 bxc6 21. Nxc6 Bf2 22. Bd6 Re2 23. Nb4 a5 24. Nd3 Be3+ 25. Kb1 Bxd3 26.
cxd3 Rd2 27. Rc1+ Kd8 28. Ba3 Rxd3 29. Re1 Bc5 30. Bxc5 Nxc5 31. Re5 Rd1+ 32.
Kc2 Rc1+ 33. Kd2 Kd7 34. Re3 Rc4 35. b3 Rf4 36. Kc3 Kc6 37. a3 Kb5 38. Re5 Rf3+
39. Kd4 Rd3# 0-1

[Event "1st UMD Tornado"]
[Site "Dearborn, Mich."]
[Date "1980.01.26"]
[Round "2"]
[White "Moody, David"]
[Black "Schweikert, Gary"]
[Result "1-0"]
[WhiteElo "1737"]
[BlackElo "1360"]
[PlyCount "49"]
[EventDate "1980.01.26"]

1. Nc3 c5 2. e4 Nc6 3. Nf3 d6 4. d4 cxd4 5. Nxd4 g6 6. Be3 Bg7 7. f3 Nf6 8. Qd2
O-O 9. Bc4 a6 10. O-O-O Nxd4 11. Bxd4 b5 12. Bd5 Nxd5 13. Bxg7 Kxg7 14. Nxd5
Be6 15. h4 h5 16. Rdg1 Bxd5 17. exd5 Qd7 18. g4 Rh8 19. Qd4+ f6 20. Qe4 f5 21.
gxf5 Rh6 22. Qd4+ Kh7 23. fxg6+ Rxg6 24. Rxg6 Kxg6 25. Rg1+ 1-0

[Event "1st UMD Tornado"]
[Site "Dearborn, Mich."]
[Date "1980.01.26"]
[Round "3"]
[White "Moody, David"]
[Black "Pray, Don"]
[Result "1/2-1/2"]
[WhiteElo "1737"]
[BlackElo "1935"]
[PlyCount "38"]
[EventDate "1980.01.26"]

1. Nc3 d5 2. e4 d4 3. Nce2 e5 4. Ng3 Be6 5. Nf3 Bd6 6. Bb5+ Nd7 7. O-O c6 8.
Ba4 Nc5 9. Bb3 Nxb3 10. axb3 Nf6 11. d3 a6 12. Bd2 Bc7 13. Qe2 h6 14. h3 Qd7
15. Nh2 g5 16. Nh5 Nxh5 17. Qxh5 O-O-O 18. Ng4 Bxg4 19. Qxg4 Qxg4 1/2-1/2

[Event "1st UMD Tornado"]
[Site "Dearborn, Mich."]
[Date "1980.01.26"]
[Round "4"]
[White "Moody, David"]
[Black "Braak, Dairen"]
[Result "1-0"]
[WhiteElo "1737"]
[BlackElo "1784"]
[PlyCount "63"]
[EventDate "1980.01.26"]

1. Nc3 e5 2. e4 Nf6 3. Bc4 Nc6 4. d3 Na5 5. Bb3 Nxb3 6. axb3 d5 7. Bg5 c6 8.
Nf3 h6 9. Bh4 d4 10. Ne2 Bd6 11. O-O g5 12. Bg3 Qc7 13. h3 Nh5 14. Qd2 c5 15.
c3 Be6 16. cxd4 Nxg3 17. Nxg3 exd4 18. Rfc1 Bf4 19. Qc2 Bxc1 20. Rxc1 Qd8 21.
Qxc5 Rc8 22. Qb5+ Ke7 23. Qxb7+ Qd7 24. Qb4+ Kf6 25. Nh5+ Kg6 26. Ne5+ Kxh5 27.
g4+ Bxg4 28. hxg4+ Qxg4+ 29. Nxg4 Rxc1+ 30. Kg2 Kxg4 31. Qxd4 Rc7 32. Qxh8 1-0

[Event "2nd UMD Tornado"]
[Site "Dearborn, Mich."]
[Date "1980.02.16"]
[Round "3"]
[White "Moody, David"]
[Black "Griffis, Michael"]
[Result "1-0"]
[WhiteElo "1769"]
[BlackElo "1592"]
[PlyCount "41"]
[EventDate "1980.02.16"]

1. e4 e5 2. Nf3 Nc6 3. Bc4 Bc5 4. O-O Nf6 5. d4 exd4 6. e5 Ng4 7. Bf4 d6 8.
exd6 Bxd6 9. Re1+ Ne7 10. Qxd4 O-O 11. Bxd6 cxd6 12. Nc3 a6 13. Rad1 b5 14. Bb3
Nc6 15. Qxd6 Bb7 16. Qf4 Qc8 17. Nd5 Rd8 18. Nb6 Qb8 19. Nxa8 Qxa8 20. Qxf7+
Kh8 21. Rxd8+ 1-0

[Event "2nd UMD Tornado"]
[Site "Dearborn, Mich."]
[Date "1980.02.16"]
[Round "1"]
[White "Minkel, Bill"]
[Black "Moody, David"]
[Result "1-0"]
[WhiteElo "1331"]
[BlackElo "1769"]
[PlyCount "89"]
[EventDate "1980.02.16"]

1. e4 e5 2. Nf3 Nc6 3. Bb5 a6 4. Ba4 Nf6 5. O-O Be7 6. Re1 b5 7. Bb3 O-O 8. c3
d5 9. exd5 Nxd5 10. h3 Bb7 11. d4 exd4 12. Nxd4 Nxd4 13. Qxd4 c5 14. Qg4 Nf6
15. Qg3 Ne4 16. Qf3 Qc8 17. Rxe4 c4 18. Bc2 f5 19. Bf4 fxe4 20. Bxe4 Bxe4 21.
Qxe4 Qd7 22. Nd2 Rae8 23. Nf3 Bd6 24. Qd5+ Re6 25. Ng5 Rxf4 26. Qxe6+ Qxe6 27.
Nxe6 Re4 28. Nd4 Bc5 29. Rd1 Kf8 30. g4 Bxd4 31. Rxd4 Rxd4 32. cxd4 Ke7 33. f4
b4 34. Kf2 a5 35. Ke2 a4 36. Kd2 Kd6 37. a3 b3 38. Kc3 Kd5 39. f5 h5 40. g5 h4
41. f6 gxf6 42. gxf6 Ke6 43. Kxc4 Kxf6 44. d5 Ke7 45. Kb4 1-0

[Event "2nd UMD Tornado"]
[Site "Dearborn, Mich."]
[Date "1980.02.16"]
[Round "2"]
[White "Ferguson, Vance"]
[Black "Moody, David"]
[Result "1/2-1/2"]
[WhiteElo "1180"]
[BlackElo "1769"]
[PlyCount "94"]
[EventDate "1980.02.16"]

1. Nf3 Nf6 2. g3 g6 3. Bg2 Bg7 4. O-O O-O 5. d3 d6 6. c4 e5 7. Nc3 Bd7 8. Bd2
Qc8 9. c5 Bh3 10. cxd6 cxd6 11. Rc1 Bxg2 12. Kxg2 Qd7 13. e4 Nc6 14. Be3 Nh5
15. Nd5 Rae8 16. b4 f5 17. Qb3 Kh8 18. Rc2 fxe4 19. dxe4 Qg4 20. Nd2 Nf4+ 21.
Nxf4 exf4 22. f3 Qg5 23. Bg1 fxg3 24. hxg3 Be5 25. f4 Bxf4 26. Rxf4 Rxf4 27.
Qe3 Rg4 28. Qxg5 Rxg5 29. a3 d5 30. Nf3 Rg4 31. exd5 Ne5 32. Nxe5 Rxe5 33. Rd2
Kg8 34. Bxa7 Re7 35. Bc5 Rd7 36. d6 Re4 37. Kf3 Re6 38. Rd4 Kf7 39. Re4 Rxe4
40. Kxe4 Ke6 41. a4 h5 42. Kf4 Kf6 43. a5 g5+ 44. Kf3 Ke5 45. Kg2 Rxd6 46.
Bxd6+ Kxd6 47. b5 Kc5 1/2-1/2

[Event "Lansing Mini-Swiss (March)"]
[Site "Lansing, Mich."]
[Date "1980.03.15"]
[Round "2"]
[White "Skidmore, Mike"]
[Black "Moody, David"]
[Result "0-1"]
[WhiteElo "1810"]
[BlackElo "1769"]
[PlyCount "56"]
[EventDate "1980.03.15"]

1. e4 e5 2. Nf3 Nc6 3. Bb5 a6 4. Ba4 Nf6 5. O-O Be7 6. Re1 b5 7. Bb3 O-O 8. c3
d5 9. exd5 Nxd5 10. Nxe5 Nxe5 11. Rxe5 c6 12. Bxd5 cxd5 13. Qf3 Be6 14. d4 Bd6
15. Re1 Qh4 16. h3 Rae8 17. Bd2 g5 18. g4 h5 19. Qf6 hxg4 20. Qxg5+ Qxg5 21.
Bxg5 gxh3 22. Nd2 Kh7 23. Kh1 Rg8 24. Rg1 h2 25. Rg2 Bh3 26. Rxh2 Bxh2 27. Kxh2
Rxg5 28. Kxh3 Kg7 0-1

[Event "Lansing Mini-Swiss (March)"]
[Site "Lansing, Mich."]
[Date "1980.03.15"]
[Round "3"]
[White "Moody, David"]
[Black "Posthumus, Jay"]
[Result "0-1"]
[WhiteElo "1769"]
[BlackElo "1796"]
[PlyCount "48"]
[EventDate "1980.03.15"]

1. e4 g6 2. d4 Bg7 3. Nc3 d6 4. Bg5 c6 5. Qd2 Nd7 6. O-O-O Qa5 7. f4 b5 8. e5
b4 9. Ne4 d5 10. Nd6+ exd6 11. exd6 Ndf6 12. Qe3+ Ne4 13. Bd3 f5 14. Nf3 Qxa2
15. Bxe4 fxe4 16. Ne5 Bxe5 17. dxe5 Qa1+ 18. Kd2 Qa5 19. Ra1 Qb5 20. Rxa7 Rb8
21. Rha1 c5 22. R1a5 Qf1 23. Rxc5 Bg4 24. Rcc7 Qd1# 0-1

[Event "Lansing Mini-Swiss (March)"]
[Site "Lansing, Mich."]
[Date "1980.03.15"]
[Round "1"]
[White "Leveson, Morris"]
[Black "Moody, David"]
[Result "1-0"]
[WhiteElo "1813"]
[BlackElo "1769"]
[PlyCount "57"]
[EventDate "1980.03.15"]

1. e4 e5 2. Nf3 Nc6 3. Bb5 a6 4. Ba4 Nf6 5. O-O Be7 6. Re1 b5 7. Bb3 O-O 8. c3
d5 9. exd5 Nxd5 10. Nxe5 Nxe5 11. Rxe5 c6 12. d4 Bd6 13. Re1 Qh4 14. g3 Qh3 15.
Be3 Bg4 16. Qd3 Rae8 17. Nd2 Re6 18. Qf1 Qh5 19. Qg2 Bh3 20. Qf3 Bg4 21. Qg2
Rfe8 22. a4 Nf4 23. Qxc6 Ne2+ 24. Rxe2 Bxg3 25. Qg2 Rg6 26. hxg3 Bxe2 27. axb5
Qxb5 28. Ba4 Qxb2 29. Rb1 1-0

[Event "3rd UMD Tornado"]
[Site "Dearborn, Mich."]
[Date "1980.03.29"]
[Round "3"]
[White "Yuhas, Lawrence"]
[Black "Moody, David"]
[Result "0-1"]
[WhiteElo "1559"]
[BlackElo "1769"]
[PlyCount "72"]
[EventDate "1980.03.29"]

1. f4 e5 2. fxe5 d6 3. exd6 Bxd6 4. Nf3 g5 5. d4 g4 6. Ng5 f5 7. e4 h6 8. e5
Be7 9. Nh3 gxh3 10. Qh5+ Kf8 11. Bc4 Rh7 12. Qg6 Rg7 13. Bxh6 Bb4+ 14. c3 Qh4+
15. Ke2 Qxh6 16. Qxh6 Nxh6 17. cxb4 hxg2 18. Rg1 Nc6 19. d5 Nd4+ 20. Ke3 Nc2+
21. Kd3 Nxa1 22. Nc3 f4 23. e6 Ng4 24. Ke2 Ne5 25. b3 Nc2 26. b5 Nd4+ 27. Kf2
f3 28. h3 Nxc4 29. bxc4 Ne2 30. Nxe2 fxe2 31. Kxe2 a6 32. b6 cxb6 33. Kf3 Ke7
34. h4 Bxe6 35. dxe6 Rf8+ 36. Ke2 Rf1 0-1

[Event "3rd UMD Tornado"]
[Site "Dearborn, Mich."]
[Date "1980.03.29"]
[Round "4"]
[White "Moody, David"]
[Black "White, Steven"]
[Result "1-0"]
[WhiteElo "1769"]
[BlackElo "1581"]
[PlyCount "57"]
[EventDate "1980.03.29"]

1. e4 Nf6 2. e5 Nd5 3. c4 Nb6 4. d4 d6 5. f4 dxe5 6. fxe5 Nc6 7. Be3 Bf5 8. Nc3
e6 9. Nf3 Qd7 10. Be2 Be7 11. O-O O-O-O 12. a3 f6 13. b4 fxe5 14. b5 Na5 15.
Nxe5 Qe8 16. c5 Nd5 17. Nxd5 Rxd5 18. Qa4 b6 19. Bf3 Rxe5 20. dxe5 Bd3 21. cxb6
cxb6 22. Rfc1+ Kb8 23. Bc6 Qg6 24. Bd2 Nxc6 25. bxc6 Bc5+ 26. Rxc5 bxc5 27.
Qb3+ Kc7 28. Qb7+ Kd8 29. Qd7# 1-0

[Event "3rd UMD Tornado"]
[Site "Dearborn, Mich."]
[Date "1980.03.29"]
[Round "2"]
[White "Moody, David"]
[Black "Jonik, Henry"]
[Result "1-0"]
[WhiteElo "1769"]
[BlackElo "1534"]
[PlyCount "105"]
[EventDate "1980.03.29"]

1. e4 c5 2. Nf3 d6 3. d4 cxd4 4. Nxd4 Nf6 5. Nc3 g6 6. Be3 Bg7 7. f3 O-O 8. Qd2
Re8 9. Bc4 a6 10. O-O-O Nc6 11. h4 Na5 12. Bd5 Nxd5 13. Nxd5 Nc4 14. Qd3 Nxe3
15. Qxe3 e6 16. Nc3 Bd7 17. Qd2 Qb6 18. Nde2 Bf8 19. h5 Rad8 20. Rh2 Bc6 21.
Rdh1 Rd7 22. hxg6 fxg6 23. Qg5 Ree7 24. Nf4 Qe3+ 25. Kb1 e5 26. Ne6 Qxg5 27.
Nxg5 h5 28. Nd5 Bxd5 29. exd5 Bh6 30. Ne6 Rh7 31. g4 Bf4 32. Nxf4 exf4 33. gxh5
Rde7 34. c4 g5 35. Rg2 Re5 36. Kc2 Kf7 37. Kd3 Kf6 38. Kd4 Re3 39. Rh3 Kf5 40.
c5 dxc5+ 41. Kxc5 Rd3 42. Re2 Rh6 43. Re7 b6+ 44. Kc4 Rd2 45. Rh1 Kf6 46. Rhe1
b5+ 47. Kc3 Rxd5 48. R1e6+ Kf5 49. Rxh6 g4 50. fxg4+ Kxg4 51. Rf7 a5 52. Rh8
Rxh5 53. Rxh5 1-0

[Event "3rd UMD Tornado"]
[Site "Dearborn, Mich."]
[Date "1980.03.29"]
[Round "1"]
[White "Ferguson, Vance"]
[Black "Moody, David"]
[Result "0-1"]
[WhiteElo "1316"]
[BlackElo "1769"]
[PlyCount "70"]
[EventDate "1980.03.29"]

1. Nf3 d5 2. g3 c6 3. d3 Bg4 4. Bg2 Nd7 5. O-O e5 6. Nc3 Be7 7. a4 h5 8. h4 f6
9. Kh2 g5 10. Bd2 Nh6 11. Qc1 Nf7 12. e4 d4 13. Ne2 Bxf3 14. Bxf3 gxh4 15. gxh4
f5 16. exf5 Bxh4 17. Ng3 Nf6 18. Kg2 Qe7 19. Qe1 O-O-O 20. Rh1 Bxg3 21. fxg3
Rdg8 22. Kf2 Nd6 23. Rh4 Nxf5 24. Rf4 Nxg3 25. Rxd4 Qc5 26. c3 exd4 27. Qe6+
Nd7 28. Bf4 dxc3+ 29. Be3 cxb2 30. Bxc5 bxa1=Q 31. Bxc6 Qf1+ 32. Ke3 Qe2+ 33.
Kd4 Qxe6 34. Bd5 Ne2+ 35. Kc4 Ne5+ 0-1

[Event "Lansing Mini-Swiss (May)"]
[Site "Lansing, Mich."]
[Date "1980.05.10"]
[Round "3"]
[White "Moody, David"]
[Black "Pinto, Mark"]
[Result "0-1"]
[WhiteElo "1769"]
[BlackElo "1944"]
[PlyCount "52"]
[EventDate "1980.05.10"]

1. e4 c6 2. d4 d5 3. Nc3 dxe4 4. Nxe4 Nf6 5. Nxf6+ gxf6 6. g3 Bf5 7. Bg2 e6 8.
Ne2 Bd6 9. O-O Nd7 10. c4 Qc7 11. d5 c5 12. dxe6 fxe6 13. Bf4 Bxf4 14. Nxf4
O-O-O 15. Qa4 Kb8 16. Rfe1 Ne5 17. Re3 Rd4 18. Ra3 b6 19. Qa6 Rhd8 20. h3 Nxc4
21. g4 Nxa3 22. gxf5 Rd1+ 23. Rxd1 Rxd1+ 24. Bf1 Qxf4 25. bxa3 Qxf5 26. Qa4
Qg6+ 0-1

[Event "Lansing Mini-Swiss (May)"]
[Site "Lansing, Mich."]
[Date "1980.05.10"]
[Round "2"]
[White "Moody, David"]
[Black "Mengelis, Ainis"]
[Result "1-0"]
[WhiteElo "1769"]
[BlackElo "1907"]
[PlyCount "125"]
[EventDate "1980.05.10"]

1. e4 c5 2. Nf3 Nc6 3. d4 cxd4 4. Nxd4 e5 5. Nb5 a6 6. Nd6+ Bxd6 7. Qxd6 Qf6 8.
Qxf6 Nxf6 9. Nc3 O-O 10. Bg5 Nd4 11. O-O-O Ng4 12. Be3 Nxe3 13. fxe3 Ne6 14.
Nd5 Rd8 15. Ne7+ Kf8 16. Nf5 b5 17. Be2 Nc5 18. Nd6 Nb7 19. Nf5 d5 20. Rhf1
dxe4 21. Rxd8+ Nxd8 22. Nd6 Bb7 23. Kd2 Bd5 24. Bg4 g6 25. Kc3 f5 26. Kb4 Ke7
27. Kc5 Be6 28. Be2 Ra7 29. Kb6 Rd7 30. Nc8+ Ke8 31. Kxa6 Rd2 32. Bxb5+ Bd7 33.
Bxd7+ Kxd7 34. Nb6+ Kc6 35. b4 Rxc2 36. a3 Ne6 37. b5+ Kc7 38. Rd1 Nc5+ 39. Ka7
Nd3 40. Nd5+ Kd6 41. Nb4 Rc3 42. b6 Rxa3+ 43. Na6 Ke6 44. b7 Nc5 45. Rd6+ Kxd6
46. b8=Q+ Kd5 47. Qg8+ Ne6 48. Qa8+ Kd6 49. Qb8+ Kd7 50. Qb5+ Kd8 51. Qxe5 Ke7
52. Kb6 Kf7 53. Nc5 Nxc5 54. Qxc5 Rb3+ 55. Kc6 Kg7 56. Qe7+ Kh6 57. h4 Rb2 58.
Qg5+ Kg7 59. h5 Rc2+ 60. Kd6 Ra2 61. h6+ Kg8 62. Qd8+ Kf7 63. Qe7+ 1-0

[Event "Lansing Mini-Swiss (May)"]
[Site "Lansing, Mich."]
[Date "1980.05.10"]
[Round "1"]
[White "Goetze, Jon"]
[Black "Moody, David"]
[Result "1-0"]
[WhiteElo "1935"]
[BlackElo "1769"]
[PlyCount "59"]
[EventDate "1980.05.10"]

1. e4 e5 2. Nf3 Nc6 3. Bb5 a6 4. Ba4 Nf6 5. d3 b5 6. Bb3 Be7 7. c3 O-O 8. O-O
d5 9. h3 Re8 10. Re1 Bb7 11. exd5 Nxd5 12. Nxe5 Nxe5 13. Rxe5 Nf6 14. Bg5 Qd6
15. d4 Ne4 16. Bxe7 Rxe7 17. Rxe7 Qxe7 18. Nd2 Re8 19. Nf3 Ng5 20. Ne5 Kh8 21.
f4 f6 22. Ng4 Qe4 23. d5 Qxf4 24. Qd3 h5 25. Qg6 Nf3+ 26. Kh1 Re5 27. Bc2 Ng5
28. Nxe5 Qxe5 29. h4 Bxd5 30. Qxh5+ 1-0

[Event "U.S. Amateur--Reserve"]
[Site "Ann Arbor, Mich."]
[Date "1980.05.24"]
[Round "2"]
[White "Moody, David"]
[Black "Hubbard, Tyrone"]
[Result "1-0"]
[WhiteElo "1769"]
[BlackElo "1495"]
[PlyCount "89"]
[EventDate "1980.05.24"]

1. e4 e5 2. Nf3 Nc6 3. d4 exd4 4. Bc4 Be7 5. c3 dxc3 6. Qd5 Nh6 7. Bxh6 O-O 8.
Bc1 Nb4 9. Qh5 Nc2+ 10. Kf1 b5 11. Bd3 Nxa1 12. Nxc3 Ba6 13. e5 g6 14. Qh6 f5
15. h4 Rf7 16. Bg5 Bf8 17. Bxd8 Bxh6 18. Bxc7 b4 19. Bxa6 bxc3 20. bxc3 Re7 21.
Ke2 Nc2 22. Kd3 Re6 23. Bc4 Na3 24. Bxe6+ dxe6 25. Bd6 Nb5 26. c4 Nxd6 27. exd6
Bg7 28. c5 Bf8 29. Re1 Kf7 30. Ng5+ Ke8 31. Nxe6 Kd7 32. Nxf8+ Rxf8 33. Re7+
Kc6 34. Rc7+ Kd5 35. d7 Rd8 36. c6 Kd6 37. Rc8 Ke7 38. Rxd8 Kxd8 39. Kd4 Kc7
40. Ke5 h6 41. Ke6 f4 42. Ke7 f3 43. d8=Q+ Kxc6 44. Qa8+ Kb6 45. Qxf3 1-0

[Event "U.S. Amateur--Reserve"]
[Site "Ann Arbor, Mich."]
[Date "1980.05.25"]
[Round "4"]
[White "Moody, David"]
[Black "Beydoun, Nassar"]
[Result "1-0"]
[WhiteElo "1769"]
[BlackElo "1502"]
[PlyCount "25"]
[EventDate "1980.05.24"]

1. e4 c5 2. d4 cxd4 3. c3 dxc3 4. Nxc3 d6 5. Bc4 Nf6 6. e5 Ng4 7. Bf4 Qc7 8.
Bb5+ Bd7 9. Qxg4 Bxb5 10. Nxb5 Qa5+ 11. Bd2 Qd8 12. exd6 exd6 13. Qe4+ 1-0

[Event "U.S. Amateur--Reserve"]
[Site "Ann Arbor, Mich."]
[Date "1980.05.25"]
[Round "3"]
[White "Gant, George"]
[Black "Moody, David"]
[Result "1-0"]
[WhiteElo "1590"]
[BlackElo "1769"]
[PlyCount "67"]
[EventDate "1980.05.24"]

1. Nf3 Nf6 2. g3 g6 3. Bg2 Bg7 4. O-O O-O 5. d3 d6 6. e4 c5 7. Nbd2 Nc6 8. h3
Nh5 9. c3 f5 10. exf5 Qe8 11. Ng5 Rxf5 12. h4 h6 13. g4 Rf4 14. gxh5 hxg5 15.
Nf3 Rg4 16. Bxg5 Qd7 17. Nh2 Rxg2+ 18. Kxg2 Qh3+ 19. Kg1 Ne5 20. Qe2 Bg4 21.
Nxg4 Nxg4 22. f3 Ne5 23. Qg2 Qf5 24. hxg6 Nxg6 25. Qe2 Nf4 26. Bxf4 Qxf4 27.
Qe6+ Kh8 28. Qg4 Qe3+ 29. Rf2 Rg8 30. Kf1 Qxd3+ 31. Re2 Rf8 32. Qe4 Rxf3+ 33.
Kg2 Rf2+ 34. Kxf2 1-0

[Event "U.S. Amateur--Reserve"]
[Site "Ann Arbor, Mich."]
[Date "1980.05.26"]
[Round "5"]
[White "Patterson, William"]
[Black "Moody, David"]
[Result "0-1"]
[WhiteElo "1548"]
[BlackElo "1769"]
[PlyCount "42"]
[EventDate "1980.05.24"]

1. e4 e5 2. Nf3 Nc6 3. Nc3 Nf6 4. Bc4 Bc5 5. O-O d6 6. h3 h6 7. d3 g5 8. Nh2 g4
9. hxg4 Rg8 10. g5 hxg5 11. Ne2 Ng4 12. Ng3 Nxh2 13. Kxh2 g4 14. Nf5 Bxf5 15.
g3 Qf6 16. Kg2 Be6 17. Be3 Bxc4 18. dxc4 O-O-O 19. Qd2 Qf3+ 20. Kg1 Rh8 21. Bh6
Qxg3+ 0-1

[Event "U.S. Amateur--Reserve"]
[Site "Ann Arbor, Mich."]
[Date "1980.05.26"]
[Round "6"]
[White "Moody, David"]
[Black "Graves, Joseph"]
[Result "1-0"]
[WhiteElo "1769"]
[BlackElo "1738"]
[PlyCount "35"]
[EventDate "1980.05.24"]

1. e4 c5 2. Nf3 Nc6 3. d4 cxd4 4. Nxd4 g6 5. Nc3 Bg7 6. Be3 Nf6 7. f3 O-O 8.
Bc4 Qa5 9. Qd2 Qb4 10. Bb3 Nxd4 11. Qxd4 Qa5 12. Qd2 d6 13. O-O-O Bd7 14. Bh6
Rac8 15. h4 Rc5 16. Bxg7 Kxg7 17. Bd5 Rxd5 18. exd5 1-0

[Event "9th UMD Open"]
[Site "Dearborn, Mich."]
[Date "1980.05.31"]
[Round "1"]
[White "Teismann, Jeff"]
[Black "Moody, David"]
[Result "0-1"]
[WhiteElo "1353"]
[BlackElo "1769"]
[PlyCount "44"]
[EventDate "1980.05.31"]

1. c4 Nf6 2. d4 c5 3. Nf3 g6 4. Nc3 cxd4 5. Nxd4 Bg7 6. e4 d6 7. Be2 O-O 8. O-O
Bd7 9. Qc2 Nc6 10. Nxc6 Bxc6 11. Be3 a6 12. Rad1 Qc7 13. b4 Rac8 14. f4 Rfd8
15. f5 d5 16. exd5 Bxd5 17. fxg6 hxg6 18. Rxf6 Bxc4 19. Rxd8+ Qxd8 20. Rb6 Bxe2
21. Qxe2 Rxc3 22. Rxb7 Rxe3 0-1

[Event "9th UMD Open"]
[Site "Dearborn, Mich."]
[Date "1980.05.31"]
[Round "2"]
[White "Moody, David"]
[Black "Beydoun, Nassar"]
[Result "1/2-1/2"]
[WhiteElo "1769"]
[BlackElo "1502"]
[PlyCount "74"]
[EventDate "1980.05.31"]

1. e4 c5 2. Nf3 d6 3. d4 cxd4 4. Nxd4 Nf6 5. Nc3 Nc6 6. Bc4 e6 7. Be3 a6 8. Qd2
Be7 9. O-O-O Qc7 10. Bb3 e5 11. Nde2 b5 12. f3 Bb7 13. g4 Na5 14. g5 Nxb3+ 15.
axb3 Nh5 16. Ng3 Nxg3 17. hxg3 O-O-O 18. Nd5 Bxd5 19. Qxd5 Rd7 20. Qa8+ Qb8 21.
Qxa6+ Qb7 22. Qxb7+ Kxb7 23. Rd5 Kc6 24. b4 f5 25. gxf6 Bxf6 26. Rhd1 Ra8 27.
b3 Ra1+ 28. Kb2 Rxd1 29. Rxd1 d5 30. Rd3 dxe4 31. Rxd7 Kxd7 32. fxe4 h5 33. c4
Kc6 34. Kc3 h4 35. gxh4 Bxh4 36. c5 g5 37. Kd2 g4 1/2-1/2

[Event "9th UMD Open"]
[Site "Dearborn, Mich."]
[Date "1980.05.31"]
[Round "3"]
[White "Dangremond, Leonard"]
[Black "Moody, David"]
[Result "0-1"]
[WhiteElo "1567"]
[BlackElo "1769"]
[PlyCount "56"]
[EventDate "1980.05.31"]

1. e4 e5 2. Nf3 Nc6 3. Bb5 a6 4. Ba4 Nf6 5. O-O Be7 6. Re1 b5 7. Bb3 O-O 8. c3
d5 9. exd5 Nxd5 10. Nxe5 Nxe5 11. Rxe5 c6 12. d4 Bd6 13. Re1 Qh4 14. g3 Qh3 15.
Bxd5 cxd5 16. Qd3 Bg4 17. Be3 f5 18. Qf1 f4 19. Qxh3 Bxh3 20. Bxf4 Bxf4 21.
gxf4 Rxf4 22. Re3 Rg4+ 23. Rg3 Re8 24. Na3 Re2 25. b3 Rxg3+ 26. hxg3 Bg4 27.
Kf1 Bf3 28. Kg1 Re6 0-1

[Event "9th UMD Open"]
[Site "Dearborn, Mich."]
[Date "1980.06.01"]
[Round "5"]
[White "Buchholz, Martin"]
[Black "Moody, David"]
[Result "1-0"]
[WhiteElo "2063"]
[BlackElo "1769"]
[PlyCount "59"]
[EventDate "1980.05.31"]

1. b3 d5 2. Bb2 e6 3. Nf3 c5 4. e3 Nf6 5. c4 Be7 6. d4 O-O 7. Bd3 Nc6 8. O-O b6
9. Nbd2 Bb7 10. Qe2 Qc7 11. Rac1 Rac8 12. Rfd1 Qb8 13. dxc5 Bxc5 14. Bxf6 gxf6
15. cxd5 Nb4 16. dxe6 fxe6 17. Bc4 Nd5 18. Nd4 Qe5 19. N2f3 Qe4 20. Qd3 Qxd3
21. Rxd3 Rfe8 22. Nxe6 Rxe6 23. Bxd5 Bxd5 24. Rxd5 Rec6 25. Kf1 R8c7 26. Ke2
Kf7 27. Nd4 Rd6 28. Rxd6 Bxd6 29. Rxc7+ Bxc7 30. h3 1-0

[Event "Michigan Class A/B Championship"]
[Site "Kalamazoo, Mich."]
[Date "1980.06.14"]
[Round "3"]
[White "Moody, David"]
[Black "Postma, Dale"]
[Result "1-0"]
[WhiteElo "1769"]
[BlackElo "1609"]
[PlyCount "31"]
[EventDate "1980.06.14"]

1. e4 e5 2. Nf3 Nc6 3. d4 exd4 4. Bc4 Be7 5. c3 d6 6. cxd4 Bg4 7. Qb3 d5 8.
Bxd5 Bb4+ 9. Nc3 Bxc3+ 10. bxc3 Qe7 11. Ba3 Qd7 12. Qxb7 Rb8 13. Qxc6 Qxc6 14.
Bxc6+ Kd8 15. Ne5 Bh5 16. Bd5 1-0

[Event "Michigan Class A/B Championship"]
[Site "Kalamazoo, Mich."]
[Date "1980.06.14"]
[Round "2"]
[White "Moody, David"]
[Black "Kulbacki, Jim"]
[Result "1-0"]
[WhiteElo "1769"]
[BlackElo "1690"]
[PlyCount "35"]
[EventDate "1980.06.14"]

1. e4 c6 2. d4 d5 3. f3 e6 4. Ne2 c5 5. Be3 cxd4 6. Nxd4 dxe4 7. Bb5+ Bd7 8.
Nc3 Bb4 9. O-O Bxc3 10. bxc3 Nf6 11. fxe4 Nxe4 12. Qf3 Nd6 13. Nxe6 fxe6 14.
Qh5+ g6 15. Qe5 Nf7 16. Rxf7 Kxf7 17. Rf1+ Kg8 18. Bd4 1-0